Slová radok a zákos v Slovníku slovenského jazyka

Bibliographic Details
Main Author: Kačala, Ján, 1937- (Author)
Format: Article
Language:Slovak
Subjects:

MARC

LEADER 00000nab a2200000 a 4500
001 vtls009179694
003 SK-MaSNL
005 20260304163843.0
008 250507c1971 xo |||||| b ||00 b|slo
015 |a SNBRB2008/01  |2 snkbucl 
035 |a (uuid)9bcf9ed7-fc07-4866-a159-917468c5519c 
035 |a urn:nbn:sk:snk-abc2vi 
035 |a (urnnbn)urn:nbn:sk:snk:ar-002srl 
038 |a SNKBUCL 
040 |a SNKBUCL  |b slo  |c SNKBUCL  |e AACR2 
041 0 |a slo 
044 |a xo  |c SK 
080 |a 811.162.4`373  |2 1997 
080 |a 811.162.4`374  |2 1997 
080 |a 81`373:811.162.4  |2 1997 
080 |a 81`374:811.162.4  |2 1997 
100 1 |a Kačala, Ján,  |d 1937-  |4 aut  |9 89383 
245 1 0 |a Slová radok a zákos v Slovníku slovenského jazyka  |c Ján Kačala 
504 |a Bibliogr. odkazy a literatúra v poznámkach 
630 0 7 |a Slovník slovenského jazyka  |2 snkbucl  |9 1032604 
650 0 7 |a slovenčina  |2 snkbucl  |9 1350 
650 0 7 |a slovná zásoba  |2 snkbucl  |9 66837 
650 0 7 |a slovníkové heslá  |2 snkbucl  |9 1396023 
650 0 7 |a jazykové slovníky  |2 snkbucl  |9 75705 
773 0 |t Slovenská reč  |g Roč. 36, č. 2 (1971), s. 85-89 
850 |a Slovenská národná knižnica 
852 |a Slovenská národná knižnica 
954 |a odborná, vedecká literatúra pôvodná (slovenská)  |2 lita 
958 |a article15 
958 |a OND 
958 |a NB 
958 |a EUIPO 
999 |c 2978911  |d 2980841